000 00758nam a22002417a 4500
999 _c15579
_d15579
003 AR-CdUCM
008 190429b ||||| |||| 00| 0 spa d
020 _a978-84-9825-623-9
040 _aMUNICIPALIDAD PROVINCIAL DEL CUSCO
_cBIBLIOTECA MUNICIPAL DEL CUSCO
082 _aPI / 376.1 /
_bG23
100 _aGanges, Montse
_933490
245 _aZoo ¿como soy? La gallina /
260 _aBarcelona :
_bCombel,
_c2011.
300 _a24 paginas ;
_bIlustraciones, graficos, dibujos
_c22 cm.
500 _aZoo Cuentos infantiles para niños
650 _aCuentos
_9217
650 _aHistoria
_9136
650 _aLiteratura
_983
700 _aCanals, Mercé
_934666
856 _fwww.combeleditorial.com
942 _2ddc
_cLIBROS
945 _apjha
_d2019-04-29